Banking on Baghdad : inside Iraq's 7,000-year history of war, profit, and conflict
| Main Author: | |
|---|---|
| Format: | Book |
| Published: |
New Jersey :
John Wiley & Sons ,
2004
|
| Subjects: |
MARC
| LEADER | 00000cam a2200000 7i4500 | ||
|---|---|---|---|
| 001 | 0000027970 | ||
| 005 | 20091103.0 | ||
| 008 | 091103 | ||
| 020 | |a 0471773492 | ||
| 090 | 0 | 0 | |a 956.70443 |b BLA |
| 100 | 1 | |a Black, Edwin | |
| 245 | 1 | 0 | |a Banking on Baghdad : |b inside Iraq's 7,000-year history of war, profit, and conflict |c Edwin Black |
| 260 | |a New Jersey : |b John Wiley & Sons , |c 2004 | ||
| 650 | 0 | |a Iraq | |
| 999 | |a 0001060787 |b Book |c Adult Collection |e Perbadanan Perpustakaan Awam Johor | ||